[Event "Urals-ch 72nd"]
[Site "Tiumen"]
[Date "2014.03.24"]
[Round "5"]
[White "Looshnikov, Nikolai"]
[Black "Kryakvin, Dmitry"]
[Result "1/2-1/2"]
[WhiteElo "2469"]
[BlackElo "2601"]
[PlyCount "80"]
[EventDate "2014.03.20"]
[EventType "swiss"]
[EventRounds "9"]
[EventCountry "RUS"]
[SourceTitle "CBM 159 Extra"]
[Source "ChessBase"]
[SourceDate "2014.04.24"]
[SourceVersion "1"]
[SourceVersionDate "2014.04.24"]
[SourceQuality "1"]

1. e4 c6 2. d4 d5 3. exd5 cxd5 4. Bd3 Nc6 5. c3 Qc7 6. h3 Nf6 7. Ne2 e5 8. dxe5 Nxe5 9. Bb5+ Bd7 10. Bxd7+ Qxd7 11. 0-0 Bc5 12. Bf4 Ng6 13. Nd2 h6 14. Nf3 Nxf4 15. Nxf4 0-0 16. Nd3 Bb6 17. Nde5 Qf5 18. Qd3 Qxd3 19. Nxd3 Rfe8 20. Rfe1 Re4 21. Nd2 Re6 22. Nf4 Rxe1+ 23. Rxe1 d4 24. c4 d3 25. Rd1 Rd8 26. Nb3 Ne4 27. Rxd3 Bxf2+ 28. Kf1 Rc8 29. Nd2 Nxd2+ 30. Rxd2 Bg3 31. Ne2 Be5 32. b3 Rc7 33. Rd5 Re7 34. Kf2 f5 35. Kf3 Kf7 36. Nf4 g6 37. Rd8 Bxf4 38. Kxf4 Kf6 39. Rf8+ Kg7 40. Rd8 Kf6 1/2-1/2

[Event "Urals-ch 72nd"]
[Site "Tiumen"]
[Date "2014.03.23"]
[Round "4"]
[White "Pridorozhni, Aleksei"]
[Black "Looshnikov, Nikolai"]
[Result "1/2-1/2"]
[WhiteElo "2519"]
[BlackElo "2469"]
[PlyCount "65"]
[EventDate "2014.03.20"]
[EventType "swiss"]
[EventRounds "9"]
[EventCountry "RUS"]
[SourceTitle "CBM 159 Extra"]
[Source "ChessBase"]
[SourceDate "2014.04.24"]
[SourceVersion "1"]
[SourceVersionDate "2014.04.24"]
[SourceQuality "1"]

1. e4 e6 2. d4 d5 3. Nc3 Nf6 4. Bg5 dxe4 5. Nxe4 Be7 6. Bxf6 gxf6 7. Nf3 f5 8. Nc3 a6 9. Qe2 b5 10. 0-0-0 b4 11. Na4 Qd5 12. b3 Bb7 13. Qd2 Nd7 14. Bc4 Qd6 15. Qe2 Nb6 16. Nxb6 cxb6 17. Ne5 Bf6 18. Rhe1 0-0 19. Qh5 Qe7 20. Rd3 Bxe5 21. dxe5 Kh8 22. Rh3 f6 23. Bxe6 Bxg2 24. Rh4 fxe5 25. Bxf5 Rxf5 26. Qxf5 Qxh4 27. Qxe5+ Kg8 28. Rg1 Qxf2 29. Qd5+ Kf8 30. Rxg2 Qe1+ 31. Qd1 Qxd1+ 32. Kxd1 Rc8 33. Rg4 1/2-1/2